Southville International School and Colleges
Your cart is empty.
  • Cart
  • Lists
    Public lists Eva Luna New books Lux_list list_1
    Your lists Log in to create your own lists
  • Log in to your account
  • Your cookies
  • Search history
Southville International School and Colleges
  • Advanced search
  • Recent comments
  • Most popular
  • Libraries

Log in to your account

Log in with GOOGLE


If you do not have an external account, but do have a local account, you can still log in:

  1. Home
  2. MARC view: TQM in service sector /
Normal view MARC view ISBD view

TQM in service sector / (Record no. 21038)

[ view plain ]
MARC details
000 -LEADER
fixed length control field 00542nam a2200193 a 4500
005 - DATE AND TIME OF LATEST TRANSACTION
control field 20140310183303.0
008 - FIXED-LENGTH DATA ELEMENTS--GENERAL INFORMATION
fixed length control field 050705s19uu xx 00 eng d
020 ## - INTERNATIONAL STANDARD BOOK NUMBER
International Standard Book Number 8172249535
050 ## - LIBRARY OF CONGRESS CALL NUMBER
Classification number HD 62.15
Item number .M697 2002
100 ## - MAIN ENTRY--PERSONAL NAME
Personal name Mohanty, R.P.
245 ## - TITLE STATEMENT
Title TQM in service sector /
Statement of responsibility, etc Dr. R.P. Mohanty and Dr. R.R. Lakhe.
260 ## - PUBLICATION, DISTRIBUTION, ETC. (IMPRINT)
Place of publication, distribution, etc Mumbai :
Name of publisher, distributor, etc Jaico Publishing House,
Date of publication, distribution, etc 2002.
300 ## - PHYSICAL DESCRIPTION
Extent 598 p. :
Dimensions 25 cm.
521 ## - TARGET AUDIENCE NOTE
Target audience note
650 ## - SUBJECT ADDED ENTRY--TOPICAL TERM
Topical term or geographic name as entry element Total quality management.
700 ## - ADDED ENTRY--PERSONAL NAME
Personal name Lakhe, R.R.
942 ## - ADDED ENTRY ELEMENTS (KOHA)
Koha item type Books
Source of classification or shelving scheme Library of Congress Classification
Call number prefix Foreign
Holdings
Withdrawn status Lost status Source of classification or shelving scheme Damaged status Home library Current library Shelving location Date acquired Cost, normal purchase price Total Checkouts Full call number Barcode Date last seen Date checked out Copy number Price effective from Koha item type
    Library of Congress Classification   College Library College Library General Circulation Section 09/15/2009 966.00 1 HD 62.15 .M697 2002 C6041 05/15/2018 03/18/2015 1 10/10/2013 Books

TQM in service sector /

APA

Mohanty R., Lakhe R., . (2002). TQM in service sector. Mumbai: Jaico Publishing House.

Chicago

Mohanty R.P, Lakhe R.R, . 2002. TQM in service sector. Mumbai: Jaico Publishing House.

Harvard

Mohanty R., Lakhe R., . (2002). TQM in service sector. Mumbai: Jaico Publishing House.

MLA

Mohanty R.P, Lakhe R.R, . TQM in service sector. Mumbai: Jaico Publishing House. 2002.

  • Place hold
  • Print
  • Cite
  • Add to your cart (remove)
  • Save record
    BIBTEX Dublin Core MARCXML MARC (non-Unicode/MARC-8) MARC (Unicode/UTF-8) MARC (Unicode/UTF-8, Standard) MODS (XML) RIS
  • More searches
    Search for this title in:
    Other Libraries (WorldCat) Other Databases (Google Scholar) Online Stores (Bookfinder.com) Open Library (openlibrary.org)

Exporting to Dublin Core...

SOUTHVILLE LIBRARY

Southville International School and Colleges Library

1281 Tropical Ave. Cor. Luxembourg St., BF Homes International, Las Pinas City

Tel. No. 8256374 / 252358 Loc. 117/146

Powered by Koha